Haliç'te yaşayan Simonlar (Record no. 8609)

MARC details
000 -BAŞLIK
Sabit Uzunlukta Kontrol Alanı 00909na a2200313 4500
001 - KONTROL NUMARASI
Denetim Alanı 17583
003 - KONTROL NUMARASI IDENTIFIER
Denetim Alanı MIRAKIL
005 - SON İŞLEM TARİHİ VE ZAMANI
Denetim Alanı 20181213155218.0
008 - SABİT-BOY VERİ ELEMANLARI - GENEL BİLGİLER
Sabit Uzunlukta Kontrol Alanı 161030b tu 000 0
020 ## - ULUSLARARASI STANDART KİTAP NUMARASI
Uluslararası Standart Kitap Numarası 9789752870758
035 ## - SİSTEM KONTROL NUMARASI
Sistem Kontrol Numarası 17583
040 ## - KATALOGLAMA KAYNAK
Orijinal Kataloglama Ajansı Milas
Kataloglama Dili tur
Metne Dönüştürmek Ajansı TR-AnCHP
041 ## - DİL KODU
Metin / Ses Parça Veya Ayrı Başlığın Dil Kodu tur
082 ## - DEWEY ONLU SINIFLANDIRMA NUMARASI
Sınıflandırma Numarası 320.9561
Ürün Numarası A81h 2010
090 ## - SINIFLAMA NUMARASI
Sınıflama Numarası 320.9561 A81h 2010
100 ## - ANA GİRİŞ - KİŞİSEL İSİM
Kişisel Ad Avcı, Hanefi
Bir Adıyla İlişkilendirilen Tarihler 1956-
245 ## - BAŞLIK TABLOSU
Başlık Haliç'te yaşayan Simonlar
Başlığın Kalan dün devlet bugün cemaat
Sorumluluk Tablosu, Vb Hanefi Avcı
246 ## - UNVAN FORM VARYING
Başlık Doğru / Kısa Başlığı dün devlet bugün cemaat
246 ## - UNVAN FORM VARYING
Başlık Doğru / Kısa Başlığı Haliçte yaşayan Simonlar
250 ## - EDITION TABLOSU
Baskı Beyanı 6. bs.
260 ## - YAYIN, DAĞITIM, VB
Yayın, Dağıtım, Vb Yeri Ankara
Yayıncı, Dağıtıcı, Vs Adı Angora
Yayın, Dağıtım, Vb Tarihi 2010
300 ## - FİZİKSEL TANIM
Kapsam viii, 597 s.
Boyutlar 22 sm.
500 ## - GENEL NOT
Genel Not Dizin var.
600 ## - KONU KATMA GİRİŞ - KURUMSAL ADI
Kişisel Ad Avcı, Hanefi
Bir Adıyla İlişkilendirilen Tarihler 1956-
Genel Alt Bölümü Anılar
651 ## - KONU KATMA GİRİŞ - COĞRAFİ ADI
Coğrafi İsim Türkiye
Genel Alt Bölümü Terörizm
Coğrafi Alt Bölümü Anılar
651 ## - KONU KATMA GİRİŞ - COĞRAFİ ADI
Coğrafi İsim Türkiye
Genel Alt Bölümü Siyaset ve yönetim
Coğrafi Alt Bölümü Cemaat
651 ## - KONU KATMA GİRİŞ - COĞRAFİ ADI
Coğrafi İsim Türkiye
Genel Alt Bölümü Siyaset ve yönetim
Coğrafi Alt Bölümü Anılar
942 ## - EKLENDİ GİRİŞ ELEMANLARI (KOHA)
Sınıflandırma Veya Raf Düzeni Kaynak
Koha Öğesi Türü Books
999 ## - SİSTEM KONTROL NUMARALARI (KOHA)
Koha Biblionumber 8609
Koha Biblioitemnumber 8609
Holdings
Kalıcı Konum Mevcut Konum Edinme Tarihi Edinim Kaynak Toplam Check-Out'Lar Tam Çağrı Numarası Barkod Tarih Son Görülme İtibaren Geçerli Fiyatlar Koha Öğesi Türü
CHP Kütüphanesi CHP Kütüphanesi 10/30/2016 Bağış   320.9561 A81h 2010 008222 10/30/2016 10/30/2016 Books